Seriously, Life is a Laughing Matter (Record no. 1933)

MARC details
000 -LEADER
fixed length control field 00416nam a22001337a 4500
003 - CONTROL NUMBER IDENTIFIER
control field http://192.168.72:8001/cgi-bin/koha/cataloguing/addbiblio.pl#
005 - DATE AND TIME OF LATEST TRANSACTION
control field 20160727222459.0
008 - FIXED-LENGTH DATA ELEMENTS--GENERAL INFORMATION
fixed length control field 160705b xxu||||| |||| 00| 0 eng d
100 ## - MAIN ENTRY--PERSONAL NAME
9 (RLIN) 2244
Personal name Mullen, T
245 ## - TITLE STATEMENT
Title Seriously, Life is a Laughing Matter
260 ## - PUBLICATION, DISTRIBUTION, ETC. (IMPRINT)
Place of publication, distribution, etc. Texas
Name of publisher, distributor, etc. Word Books
Date of publication, distribution, etc. 1978
300 ## - PHYSICAL DESCRIPTION
Extent Seriously, Life is a Laughing Matter
942 ## - ADDED ENTRY ELEMENTS (KOHA)
Source of classification or shelving scheme Dewey Decimal Classification
Koha item type BOOK
Holdings
Withdrawn status Lost status Source of classification or shelving scheme Damaged status Not for loan Home library Current library Shelving location Date acquired Total Checkouts Full call number Barcode Date last seen Date last checked out Price effective from Koha item type
    Dewey Decimal Classification     Good Samaritan School Library Good Samaritan School Library FICTION 07/05/2016 1 80 MUL1270 08/30/2019 08/02/2019 07/05/2016 BOOK

Powered by Koha